|
|
|
|
| LEADER |
00000nam a22000007a 4500 |
| 003 |
UAHC |
| 005 |
20221206122505.0 |
| 008 |
181003s2017 sp |||| |||| 00| 0 spa d |
| 020 |
|
|
|a 9789569766602
|
| 035 |
|
|
|a CENTRAL
|
| 040 |
|
|
|a UAHC_CL
|c UAHC_CL
|d UAHC_CL
|
| 082 |
|
|
|2 21
|a 305.42
|b D468
|
| 100 |
|
|
|9 5077
|a Despentes, Virginie
|d 1969-
|
| 245 |
|
|
|a Teoría King Kong
|c Virginie Despentes.
|
| 260 |
|
|
|a Barcelona :
|b Random House,
|c 2018.
|
| 300 |
|
|
|a 175 páginas.
|
| 440 |
|
|
|9 5078
|a Literatura
|
| 520 |
|
|
|a Teoría King Kong es uno de los grandes libros de referencia del feminismo y de la teoría de género, un incisivo ensayo en el que Despentes comparte su propia experiencia para hablarnos sin tapujos ni concesiones sobre la prostitución, la violación, la represión del deseo, la maternidad y la pornografía, y para contribuir al derrumbe de los cimientos patriarcales de la sociedad actual.
|
| 526 |
|
|
|a Colección de Género y Sexualidades
|
| 650 |
|
0 |
|9 910
|a Feminismo
|
| 650 |
|
0 |
|9 5159
|a Literatura feminista
|
| 650 |
|
0 |
|9 5079
|a Teoría feminista
|
| 650 |
|
0 |
|9 605
|a Género
|x Aspectos sociales
|
| 900 |
|
|
|a 305.42 DES
|
| 942 |
|
|
|c BK
|2 ddc
|
| 952 |
|
|
|0 0
|1 0
|2 ddc
|4 0
|6 305_420000000000000_DES
|7 0
|8 COMP
|9 90690
|a BC
|b BC
|c General
|d 2018-10-03
|e Compra
|g 7057.00
|l 14
|m 13
|o 305.42 DES
|p 1461342
|r 2026-01-14 00:00:00
|s 2024-11-07
|t 1
|v 7057.00
|w 2018-10-03
|x OC: 2134 / Factura: 141698
|y BK
|
| 999 |
|
|
|c 51096
|d 51096
|